| 000 | 01305cam a22001934a 4500 | ||
|---|---|---|---|
| 005 | 20250605164039.0 | ||
| 008 | 250528s ||||||||||||||||||||||||d | ||
| 035 | _a16937 | ||
| 040 |
_aGR-AtMCL _bgre _dGR-AtMCL _eAACR2 |
||
| 245 | 1 | _aΟ Απόδημος Ελληνισμός στις Χώρες της Αφρίκης | |
| 260 |
_bΥπουργείο Εξωτερικών, _c1998 |
||
| 300 | _a352 | ||
| 505 | 0 | _aΕισαγωγή: Ο Ελληνισμός και το Περιβάλλον του στις Χώρες της Αφρικής, Αίγυπτος, Αιθιοπία, Λιβύη, Σουδάν, Ζαίρ, Ζιμπάμπουε, Νοτιαφρικάνικη Ένωση, Συνοπτική Απεικόνιση των Υπολοίπων Χωρών της Υποσαχαρικής Αφρικής. | |
| 520 | _aΕισαγωγή: Ο Ελληνισμός και το Περιβάλλον του στις Χώρες της Αφρικής, Αίγυπτος, Αιθιοπία, Λιβύη, Σουδάν, Ζαίρ, Ζιμπάμπουε, Νοτιαφρικάνικη Ένωση, Συνοπτική Απεικόνιση των Υπολοίπων Χωρών της Υποσαχαρικής Αφρικής. | ||
| 700 | 1 |
_aΚαζάκος Πάνος _92990 |
|
| 942 | _cBK | ||
| 999 |
_c2381 _d2381 |
||